00366pab a2200121 454500008004000000100001700040245008800057260000900145300001200154650003000166650002200196773002600218180718b2003 xxu||||| |||| 00| 0 eng d aNishio Kanji aRecent Malaysian Studies in Japan: perspectives on history and contemporary society c2003 ap.1-19. aMalaysian studies - Japan aMalaysian studies aAsian Research Trends